000 00323pam a2200145 a 4500
020 _c
041 _aeng
082 _a543.08
_bWIL
100 _aWillart Hobert H.
245 _aInstrumental Methods Of Analysis
_hTextual Documents
250 _a1986.
260 _a[s.l]:
_bCBS PUb.
300 _a895pg.
930 _a12789
999 _c89691
_d89691